000 00865nam a22002777a 4500
001 0027212
003 KOHA_MİRAKIL
005 20260207002551.0
007 ta
008 110128b2003 tu a|||gr||||#||||1|tur |
020 _a9754046697
_c0,01
040 _aTR-BiSEU
_btur
_cTR-BiSEU
_erda
041 0 _atur
044 _ctu
050 _aPG2957.I53
_bR87 2003
100 1 _aİnanır, Emine.
245 1 _aRus edebiyatı incelemeleri Kiev Rusyası'ndan XVII. yüzyıla/
_cEmine İnanır ; Emine İnanır.
264 1 _aİstanbul :
_bİstanbul Üniversitesi Yayınları
_c2003
300 _aI, 106 sayfa :
_bresimli ;
_c24 cm.
336 _ametin
_btxt
_2rdacontent
337 _aaracısız
_bn
_2rdamedia
338 _acilt
_bnc
_2rdacarrier
500 _aKaynakça var.
650 0 _aRussian literature--History and criticism.
_953925
942 _2lcc
_cBK
999 _c27146
_d27146